Представление документа в формате MARC21

ПолеНазваниеЗначение
  Тип записи a
  Библиографический уровень m
001 Контрольный номер RU/URAIT/586171
005 Дата корректировки 20260429163606.7
008 Кодируемые данные 260429s2026 RU y f j 000 0 rus u
020 Индекс ISBN __
a ISBN 978-5-534-06586-2
c Цена, тираж 959.00
040 Источник каталогиз. __
a Служба первич. каталог. ИКО Юрайт
c Служба, преобразующая запись ИКО Юрайт
e Правила каталог. RCR
041 Код языка издания __
a Код языка текста rus
044 Код страны публикации __
a Код страны публикации RU
080 Индекс УДК __
a Индекс УДК 81119(075.8)
084 Индекс другой классификации/Индекс ББК __
2 Источник индекса rubbk
a Индекс другой классификации/Индекс ББК 81я73
100 Автор __
a Автор Маслова В. А.
q Полное имя Маслова Валентина Авраамовна
245 Заглавие __
a Заглавие Лингвокультурология. Введение
b Продолж. заглавия учебник для вузов
c Ответственность В. А. Маслова ; ответственный редактор У. М. Бахтикиреева.
250 Сведения об издании __
g пер. и доп
a Основные сведения об издании 2-е изд.
256 Характеристики компьютерного файла __
a Характеристики компьютерного файла Электрон. дан.
260 Выходные данные __
a Место издания Москва
b Издательство Юрайт
c Дата издания 2026
300 Физическое описание __
a Объем 208 с
440 Серия __
a Серия Высшее образование
500 Примечания __
a Примечание URL: https://urait.ru/bcode/586171 (дата обращения: 29.04.2026).
520 Аннотация __
a Аннотация В учебном курсе раскрыты основы лингвокультурологии научной дисциплины на стыке лингвистики и культурологи, рассматривающей язык как феномен культуры. Материалы курса освещают роль языка в качестве фактора формирования культурных кодов, усвоения культурной информации. Два раздела курса посвящены теоретическим проблемам взаимодействия языка и культуры, в третьем разделе проводится исследование семантики фразеологических единиц и метафор с использованием этнографического и фольклорного материала.
538 Прим. о системных особенностях __
a Прим. о системных особенностях Режим доступа: Электронно-библиотечная система Юрайт, для авториз. пользователей
653 Ключевые слова __
a Ключевые слова Общее языкознание
653 Ключевые слова __
a Ключевые слова Языки и литература
653 Ключевые слова __
a Ключевые слова Лингвокультурология
653 Ключевые слова __
a Ключевые слова Основы лингвокультурологии
653 Ключевые слова __
a Ключевые слова Лингвокультурология: современный аспект
653 Ключевые слова __
a Ключевые слова Лингвокультурология: теория, практика, методика
653 Ключевые слова __
a Ключевые слова Лингвокультурология: теория и практика
653 Ключевые слова __
a Ключевые слова Введение в лингвокультурологию
653 Ключевые слова __
a Ключевые слова Введение в лингвокультуру
653 Ключевые слова __
a Ключевые слова Лингвокультура стран первого (русского) языка
700 Другие авторы __
a Другие авторы Бахтикиреева У. М.
q Полное имя Бахтикиреева Улданай Максутовна
856 Электронный адрес документа 40
n Местонахождение сервера Юрайт
g Электронная книга
q Тип электронного формата html
h Имя пользователя ЮРАЙТ
v Часы доступа к ресурсу 20271231
2 Способ доступа Показать документ
x Служебное примечание https://urait.ru/book/cover/2278FCFA-20C1-486E-9BB5-1E3F2A39A41D
u URL https://urait.ru/bcode/586171
856 Электронный адрес документа 48
q Тип электронного формата cover
u URL https://urait.ru/book/cover/2278FCFA-20C1-486E-9BB5-1E3F2A39A41D
911 __
u 0030=https://urait.ru/bcode/586171
911 __
u 073a=9785534065862
u 073d=959.00
911 __
u 106a=s
911 __
u 900l=
952 Тип литературы __
i Дисциплина Лингвокультурология
952 Тип литературы __
i Дисциплина Основы лингвокультурологии
952 Тип литературы __
i Дисциплина Лингвокультурология: современный аспект
952 Тип литературы __
i Дисциплина Лингвокультурология: теория, практика, методика
952 Тип литературы __
i Дисциплина Лингвокультурология: теория и практика
952 Тип литературы __
i Дисциплина Введение в лингвокультурологию
952 Тип литературы __
i Дисциплина Введение в лингвокультуру
952 Тип литературы __
i Дисциплина Лингвокультура стран первого (русского) языка